Filosofía de la cultura y de los valores

Bewaard in:
Bibliografische gegevens
Hoofdauteur: Derisi, Octavio N.
Formaat: Boek
Taal:Undetermined
Gepubliceerd in: Buenos Aires, Argentina Emecé Editores 1963
Onderwerpen:
Tags: Voeg label toe
Geen labels, Wees de eerste die dit record labelt!

MARC

LEADER 00000nam a2200000Ia 4500
008 170316s9999 xx 000 0 und d
090 |a 100 D-16f 
100 |a Derisi, Octavio N. 
245 |a Filosofía de la cultura y de los valores 
260 |a Buenos Aires, Argentina 
260 |b Emecé Editores 
260 |c 1963 
300 |a 330 páginas 
650 |a FILOSOFÍA 
650 |a ÉTICA 
999 |c 16010  |d 16010 
040 |a cru BVZT 
942 |c 15 D  |h 100 D-16f  |2 z